000 01499nam a2200349 4500
003 CO-CtgCURN
005 20250329165425.0
008 160531s2011 000 0 eng d
040 _aCO-CtgCURN
_bspa
_ccoctgcurn
082 0 _aDER 2011
_bF634
100 1 _aFlórez Martínez, Ricardo.
245 1 0 _aDerechos de la ciudad. El espacio publico en Cartagena de Indias /
_cRicardo Flórez Martínez, Emiro Alberto Martínez Yepes.
260 _aCartagena de Indias :
_bCorporación Universitaria Rafael Nuñez,
_c2011.
300 _a57 h.
336 _2rdacontent
337 _2rdamedia
_asin mediacion
_bn
338 _2rdacarrier
_avolumen
_bnc
500 _aIncluye anexos.
502 _aTrabajo de grado (Abogado). Corporación Universitaria Rafael Nuñez. Facultad de Ciencias Sociales y Humanas. Programa de Derecho, 2011.
504 _aIncluye bibliografia.
590 _aDerecho
650 0 _aDerecho
_vTesis y disertaciones academicas.
650 0 _aDerecho constitucional.
650 0 _aDerecho civil
_vLegislacion.
650 0 _aPolítica social
_zColombia.
650 0 _aPersonas (Derecho)
650 0 _aServicios publicos.
700 1 _aMartínez Yepes, Emiro Alberto.
856 7 _uhttps://unicurn.sharepoint.com/:b:/s/biblioteca/ERu4TLhR4CdBh1saS7hQ6cEBQv0ZPq9k2oqTSiSbwWgnuw?e=Q4lCf7
_zClick aqui para ver el recurso en texto completo
942 _hDER 2011
_iF634
_2ddc
_cTG
999 _c3514
_d3514